| 000 | 00549nam a22001577a 4500 | ||
|---|---|---|---|
| 003 | MACL | ||
| 005 | 20160721153635.0 | ||
| 008 | 160721b xxu||||| |||| 00| 0 eng d | ||
| 040 | _cMACL | ||
| 041 | _aHindi | ||
| 082 | _a800 NIR | ||
| 100 |
_aराय, आलोक _964889 |
||
| 245 |
_aकथाकार र्निल वर्मा दृष्टि अौर सृष्टि _cअालोक राय |
||
| 260 |
_aनई दिल्ली _bपुस्तक प्रतिष्ठान _c2015 |
||
| 942 |
_2ddc _cHIN |
||
| 999 |
_c54601 _d54601 |
||